<?xml version="1.0" encoding="UTF-8"?>
<record
    xmlns:xsi="http://www.w3.org/2001/XMLSchema-instance"
    xsi:schemaLocation="http://www.loc.gov/MARC21/slim http://www.loc.gov/standards/marcxml/schema/MARC21slim.xsd"
    xmlns="http://www.loc.gov/MARC21/slim">

  <leader>00523nam a22001697a 4500</leader>
  <controlfield tag="005">20241008111623.0</controlfield>
  <controlfield tag="008">180320b        xxu||||| |||| 00| 0 eng d</controlfield>
  <datafield tag="020" ind1=" " ind2=" ">
    <subfield code="a">9789332582798</subfield>
  </datafield>
  <datafield tag="040" ind1=" " ind2=" ">
    <subfield code="c">PK-LaUMT</subfield>
  </datafield>
  <datafield tag="082" ind1=" " ind2=" ">
    <subfield code="a">621.076</subfield>
    <subfield code="b">GAT-</subfield>
  </datafield>
  <datafield tag="110" ind1=" " ind2=" ">
    <subfield code="a">Trishna Knowledge Systems</subfield>
    <subfield code="9">2663</subfield>
  </datafield>
  <datafield tag="245" ind1=" " ind2=" ">
    <subfield code="a">GATE (graduate aptitude test in engineering) mechanical engineering /</subfield>
    <subfield code="c">Trishna Knowledge Systems</subfield>
  </datafield>
  <datafield tag="260" ind1=" " ind2=" ">
    <subfield code="a">Tamil Nadu :</subfield>
    <subfield code="b">Pearson,</subfield>
    <subfield code="c">2017</subfield>
  </datafield>
  <datafield tag="300" ind1=" " ind2=" ">
    <subfield code="a">var</subfield>
    <subfield code="e">CD</subfield>
  </datafield>
  <datafield tag="650" ind1=" " ind2=" ">
    <subfield code="a">GATE Mechanical engineering</subfield>
    <subfield code="9">2664</subfield>
  </datafield>
  <datafield tag="942" ind1=" " ind2=" ">
    <subfield code="c">BK</subfield>
  </datafield>
  <datafield tag="999" ind1=" " ind2=" ">
    <subfield code="c">103980</subfield>
    <subfield code="d">103980</subfield>
  </datafield>
  <datafield tag="952" ind1=" " ind2=" ">
    <subfield code="0">0</subfield>
    <subfield code="1">0</subfield>
    <subfield code="4">0</subfield>
    <subfield code="7">0</subfield>
    <subfield code="a">01</subfield>
    <subfield code="b">01</subfield>
    <subfield code="d">2018-03-20</subfield>
    <subfield code="l">1</subfield>
    <subfield code="o">621.076 GAT-</subfield>
    <subfield code="p">120327</subfield>
    <subfield code="r">2021-09-30 00:00:00</subfield>
    <subfield code="s">2020-02-28</subfield>
    <subfield code="w">2018-03-20</subfield>
    <subfield code="y">BK</subfield>
  </datafield>
</record>
